| 000 | 01125nam a2200181Ia 4500 | ||
|---|---|---|---|
| 008 | 151202s9999||||xx |||||||||||||| ||und|| | ||
| 082 | _bPNVM-124271 | ||
| 100 | _aवेदुला सूर्यनारायणशर्मा. | ||
| 245 | _aतिरुपती बालाजी माहात्म्यम् हिंदी सुप्रभात सहित 1नकाशा. | ||
| 260 | _bगोल्लपूडि वीरास्वामि सन श्रीसीतारामा बुक डिपो राजमहेन्द्री. | ||
| 260 | _c1974 | ||
| 300 | _a90 | ||
| 600 | _aवेदुला सूर्यनारायणशर्मा. | ||
| 630 | _aतिरुपती बालाजी माहात्म्यम् हिंदी सुप्रभात सहित 1नकाशा. | ||
| 700 | _aवेदुला सूर्यनारायणशर्मा. | ||
| 730 | _aतिरुपती बालाजी माहात्म्यम् हिंदी सुप्रभात सहित 1नकाशा. | ||
| 942 | _cBOOK | ||
| 999 |
_c1354399 _d1354396 |
||